|
|
|
|
| LEADER |
00000nlm0a2200000 4500 |
| 001 |
245853 |
| 005 |
20231101232147.0 |
| 035 |
|
|
|a (RuTPU)RU\TPU\book\267288
|
| 090 |
|
|
|a 245853
|
| 100 |
|
|
|a 20131119d2013 k y0rusy50 ca
|
| 101 |
0 |
|
|a rus
|
| 102 |
|
|
|a RU
|
| 105 |
|
|
|a a dm 001zy
|
| 135 |
|
|
|a drcn ---uucaa
|
| 181 |
|
0 |
|a i
|
| 182 |
|
0 |
|a b
|
| 200 |
1 |
|
|a Фильтрационно-емкостные свойства пород-коллекторов кристаллического фундамента месторождения Белый Тигр (по данным каротажа)
|b Электронный ресурс
|e автореферат диссертации на соискание ученой степени кандидата геолого-минералогических наук
|e спец. 25.00.10
|f Нгуен Хыу Бинь
|g Национальный исследовательский Томский политехнический университет (ТПУ), Институт природных ресурсов (ИПР), Кафедра геофизики (ГЕОФ) ; науч. рук. В. И. Исаев
|
| 203 |
|
|
|a Текст
|c электронный
|
| 210 |
|
|
|a Томск
|d 2013
|
| 215 |
|
|
|a 1 файл (846 Kb)
|
| 230 |
|
|
|a Электронные текстовые данные (1 файл : 846 Kb)
|
| 300 |
|
|
|a Заглавие с титульного экрана
|
| 300 |
|
|
|a Электронная версия печатной публикации
|
| 337 |
|
|
|a Adobe Reader
|
| 452 |
|
1 |
|0 (RuTPU)RU\TPU\book\270234
|t Фильтрационно-емкостные свойства пород-коллекторов кристаллического фундамента месторождения Белый Тигр (по данным каротажа)
|o автореферат диссертации на соискание ученой степени кандидата геолого-минералогических наук
|o спец. 25.00.10
|f Нгуен Хыу Бинь
|g Национальный исследовательский Томский политехнический университет (ТПУ) ; науч. рук. В. И. Исаев
|c Томск
|d 2013
|p 21 с.
|
| 606 |
1 |
|
|a Нефтяные пласты-коллекторы
|x Физико-механические свойства
|2 stltpush
|3 (RuTPU)RU\TPU\subj\46007
|9 65195
|
| 610 |
1 |
|
|a авторефераты диссертаций
|
| 610 |
1 |
|
|a электронный ресурс
|
| 610 |
1 |
|
|a труды учёных ТПУ
|
| 610 |
1 |
|
|a трещинно-кавернозные коллекторы
|
| 610 |
1 |
|
|a Вьетнам
|
| 610 |
1 |
|
|a нефтегазоносные месторождения
|
| 610 |
1 |
|
|a горные породы
|
| 610 |
1 |
|
|a характеристика
|
| 610 |
1 |
|
|a фундаменты
|
| 610 |
1 |
|
|a каротаж
|
| 610 |
1 |
|
|a данные
|
| 610 |
1 |
|
|a интерпретация
|
| 610 |
1 |
|
|a пористость
|
| 610 |
1 |
|
|a продуктивность
|
| 675 |
|
|
|a 552.578.2.061.4:53(04)
|v 3
|
| 686 |
|
|
|a 25.00.10
|2 oksvnk
|
| 700 |
|
0 |
|a Нгуен Хыу Бинь
|
| 702 |
|
1 |
|a Исаев
|b В. И.
|c российский геолог
|c профессор Томского политехнического университета, доктор геолого-минералогических наук
|f 1952-
|g Валерий Иванович
|2 stltpush
|3 (RuTPU)RU\TPU\pers\24786
|4 727
|
| 712 |
0 |
2 |
|a Национальный исследовательский Томский политехнический университет (ТПУ)
|b Институт природных ресурсов (ИПР)
|b Кафедра геофизики (ГЕОФ)
|h 254
|2 stltpush
|3 (RuTPU)RU\TPU\col\18667
|
| 801 |
|
2 |
|a RU
|b 63413507
|c 20210304
|g PSBO
|
| 856 |
4 |
|
|u http://www.lib.tpu.ru/fulltext/a/2013/86.pdf
|
| 942 |
|
|
|c CF
|